Highest English Proficiency Index (EPI) - Asia - Statistics

General Stats
  • This quiz has been taken 96 times
  • The average score is 14 of 16
Answer Stats
Score Country % Correct
5. 520 China
98%
6. 496 India
95%
4. 545 South Korea
94%
7. 487 Japan
93%
1. 611 Singapore
92%
10. 478 Pakistan
89%
3. 547 Malaysia
88%
13. 472 United Arab Emirates
87%
11. 476 Bangladesh
85%
16. 459 Qatar
83%
15. 461 Kuwait
81%
9. 480 Nepal
80%
2. 562 Philippines
80%
12. 473 Vietnam
79%
8. 483 Iran
76%
14. 466 Sri Lanka
73%
No matching quizzes found
Score Distribution
Percent of People with Each Score
Percentile by Number Answered
Your Score History
You have not taken this quiz